000 00686nam a2200217Ia 4500
003 IN-BaIIA
008 211028s9999 xx 000 0 eng d
020 _a0-521-42673-1
040 _cIIA Library
080 _a52
_bCOR
245 0 _aBubbles, voids and bumps in time
_bthe new cosmology
_cedited by James Cornell
260 _aGreat Britain
_bCambridge University Press
_c1992
300 _axiii, 190p.
650 _aAstrophysics
_9794
650 _aCosmology
650 _aDiscovering the Universe
_927974
650 _aMapping the Universe
_927975
650 _aMeasuring the Universe
_927976
700 _aCornell, James., ed.
_910013
942 _cBK
999 _c15215
_d15215